Formes structurales du français

Saved in:
Bibliografiske detaljer
Hovedforfatter: Boy, Monique (Author)
Format: Bog
Sprog:fransk
Udgivet: París Hachette et Larousse 1973
Serier:Français dans le Monde
Fag:
Tags: Tilføj Tag
Ingen Tags, Vær først til at tagge denne postø!

MARC

LEADER 00000nam a2200000 a 4500
001 UCQ2832
003 CL-VaPUC
008 980731e19730000FR |||||||||||||||||fre|d
082 0 4 |a 445  |b BOY  |2 21 
100 0 |a Boy, Monique  |e author  |9 416914 
245 1 0 |a Formes structurales du français 
300 |a 176 p 
942 |c BK 
945 |d 19980731 00:00:00  |a crobeson 
260 |a París  |b Hachette et Larousse  |c 1973 
650 7 |a GRAMATICA FRANCESA  |2 CL-VaPUC  |9 416915 
650 7 |a FRANCES  |2 CL-VaPUC  |9 259059 
650 0 |a Enseñanza de idiomas  |9 339820 
650 0 |a Educación lingüística  |9 306506 
583 |a last modification  |c 19980731 00:00:00  |k Rodrigo Vera 
490 0 |a Français dans le Monde 
999 |c 273597  |d 273595 
952 |0 0  |1 0  |4 0  |6 445_000000000000000_BOY_1973  |7 0  |8 A  |9 309349  |a BIBEDU  |b BIBEDU  |d 2019-11-20  |i 1451707  |o 445 BOY 1973  |p 1451707  |r 2019-11-20  |w 2019-11-20  |y BK  |k LIT